ბათუმის შოთა რუსთაველის სახელმწიფო უნივერსიტეტის ბიბლიოთეკა

საბანკო საქმე = Banking = Банковское дело : ლექციების კურსი : (ბიბ.ჩანაწერი № 59390)

000 -ლიდერი
ფიქსირებული სიგრძის საკონტროლო ველი 01282nam a22002297a 4500
003 - საკონტროლო ნომრის იდენტიფიკატორი
საკონტროლო ველი Ge_BSU
005 - ბოლო ოპერაციის თარიღი და დრო
საკონტროლო ველი 20230208130933.0
008 - ფიქსირებული სიგრძის მონაცემთა ელემენტები - ზოგადი ინფორმაცია
ფიქსირებული სიგრძის საკონტროლო ველი 230208s2005 ge ||||| |||| 00| 0 geo d
020 ## - წიგნის საერთაშორისო სტანდარტული ნომერი
International Standard Book Number 9994002325
041 ## - ენის კოდი
Language code of text/sound track or separate title geo
080 ## - უნივერსალური ათობითი კლასიფიკაციის ინდექსი
Universal Decimal Classification number 336.71(042.4) ც-12
100 ## - მთავარი ჩანაწერი - პიროვნების სახელი
Personal name ცაავა, გიორგი
9 (RLIN) 13902
245 ## - ცნობა სათაურის შესახებ
Title საბანკო საქმე = Banking = Банковское дело : ლექციების კურსი :
Remainder of title [დამხმ. სახელმძღვ. ეკონ. ფაკ. სტუდ. /
Statement of responsibility, etc მეცნ.-რედ.: ჯამლეთ შათირიშვილი, კარლო ღურწკაია].
264 ## - წარმოების, გამოცემის, დისტრიბუციის და სხვა ცნობები
გამოცემის, წარმოების, დისტრიბუციის... ადგილი თბილისი :
გამოცემის, წარმოების, დისტრიბუციის... სახელწოდება აფხაზეთის მეცნ. აკად. გამ-ბა :
გამოცემის, წარმოების, დისტრიბუციის... თარიღი 2005.
300 ## - ფიზიკური აღწერა
Extent 663 გვ. :
Other physical details ცხრ., სქემ. ;
Dimensions 20 სმ.
504 ## - BIBLIOGRAPHY, ETC. NOTE
Bibliography, etc ბიბლიოგრ. ტექსტ. შენიშვნ. და გვ. 660-663.
653 ## - INDEX TERM--UNCONTROLLED
Uncontrolled term საბანკო საქმე
653 ## - INDEX TERM--UNCONTROLLED
Uncontrolled term ეკონომიკა
700 ## - ADDED ENTRY--PERSONAL NAME
Personal name შათირიშვილი, ჯამლეთ
Relator term რედაქტორი
9 (RLIN) 16866
700 ## - ADDED ENTRY--PERSONAL NAME
Personal name ღურწკაია, კარლო
Relator term რედაქტორი
9 (RLIN) 3333
942 ## - ADDED ENTRY ELEMENTS (KOHA)
Source of classification or shelving scheme
Koha item type წიგნი
ეგზემპლარები
ჩამოწერის სტატუსი დაკარგული ეგზემპლარის სტატუსი კლასიფიკაციის წყარო ან თაროზე გაწყობის სქემა დაზიანების სტატუსი არ გაიცემა მუდმივი მდებარეობა (დაცვის ადგილი) ამჟამინდელი ადგილსამყოფელი თაროზე განთავსების ადგილი შეძენის თარიღი ღირებულება, შესყიდვის ნორმალური ფასი სრული შენახვის შიფრი შტრიხკოდი ბოლო ოპერაციის თარიღი ეგზემპლარის მიმდევრობითი ნომერი (კეტერი?) ფასის ძალაში შესვლის თარიღი ეგზემპლარის სახეობა საჯარო შენიშვნა
          ბათუმის შოთა რუსთაველის სახელმწიფო უნივერსიტეტის მთავარი ბიბლიოთეკა ბათუმის შოთა რუსთაველის სახელმწიფო უნივერსიტეტის მთავარი ბიბლიოთეკა წიგნსაცავი 2023-02-08 12.00 336.71(042.4) ც-12 63670 2023-02-08 63670 2023-02-08 წიგნი 12 ლ.